An investigation of factors affecting pupils on their poor performance in mathematics in secodary schools: a case of Choma District, Southern Province Zambia (Record no. 48223)

MARC details
000 -LEADER
fixed length control field 00786nam a2200181 a 4500
008 - FIXED-LENGTH DATA ELEMENTS--GENERAL INFORMATION
fixed length control field 160922s2014 ||||||||||||||||| || u
050 ## - LIBRARY OF CONGRESS CALL NUMBER
Classification number CBU-PG THESIS/MAS
100 ## - MAIN ENTRY--PERSONAL NAME
Personal name Masendeke, Alvin
245 13 - TITLE STATEMENT
Title An investigation of factors affecting pupils on their poor performance in mathematics in secodary schools: a case of Choma District, Southern Province Zambia
Statement of responsibility, etc. by Alvin Masendeke
260 ## - PUBLICATION, DISTRIBUTION, ETC.
Place of publication, distribution, etc. Kitwe
Name of publisher, distributor, etc. The Copperbelt University (CBU)
Date of publication, distribution, etc. 2014
300 ## - PHYSICAL DESCRIPTION
Extent viii,75p.:ill.
500 ## - GENERAL NOTE
General note Includes References
650 #0 - SUBJECT ADDED ENTRY--TOPICAL TERM
Topical term or geographic name entry element STUDY SKILLS
650 ## - SUBJECT ADDED ENTRY--TOPICAL TERM
Topical term or geographic name entry element MATHEMATICS--TEXTBOOKS
650 ## - SUBJECT ADDED ENTRY--TOPICAL TERM
Topical term or geographic name entry element MATHEMATICS
650 ## - SUBJECT ADDED ENTRY--TOPICAL TERM
Topical term or geographic name entry element MATHEMATICS--HOME AND SCHOOL
995 ## - RECOMMENDATION 995 [LOCAL, UNIMARC FRANCE]
-- CBU-MAIN LIBRARY (Kitwe)
-- 1
-- AVAILABLE
-- Sep 22, 2016
-- University Collection
Holdings
Withdrawn status Lost status Source of classification or shelving scheme Damaged status Not for loan Home library Current library Shelving location Date acquired Total Checkouts Full call number Barcode Date last seen Price effective from Koha item type
          CBU-MAIN LIBRARY, KITWE. CBU-MAIN LIBRARY, KITWE.   11/30/2022   CBU-PG THESIS/MAS B2433 11/30/2022 11/30/2022 MONOGRAPH